000 01192cam a22002535a 4500
001 L143339
008 080428s2006 xxkd f 001 0 eng d
020 _a9780749447663
035 _a(Sirsi) u143339
041 0 _aeng
050 0 4 _a658 $2 18
100 1 _aArmstrong, Michael
245 0 0 _aHandbook of management techniques
_ba comprehensive guide to achieving managerial excellence and improved decision making
250 _a3rd ed.
260 _aLondon
_bKogan Page
_c2006
300 _aviii, 640p.
_bill.
_c24cm.
350 _a29.95
505 2 _aMarketing management -- Operational management -- Financial management -- Human resource management -- Management science -- Planning and resource allocation -- Efficieny and effectiveness -- List of figures
520 _aGuide to modern management techniques includes over 100 systematic and analytical methods used to improve decision-making and managerial performance (supported by diagrams). These include: marketing management; financial management; management science and planning and resource allocation.
521 _aAdvanced
651 4 _aUnited Kingdom
_y
690 _aMANAGEMENT-BUSINESS MANAGEMENT
942 _n0
999 _c108125
_d108125